| 000 | 00744nam a2200217Ia 4500 | ||
|---|---|---|---|
| 003 | GCL | ||
| 008 | 140319s9999 xx 000 0 ara d | ||
| 040 |
_aGCL / _cGCL |
||
| 082 | 0 | 4 |
_a953.104 _bم م |
| 100 | 1 | _aموضى بنت منصور بن عبد العزيز | |
| 245 | 1 | 0 |
_aالملك عبد العزيز ومؤتمر الكويت 1342هـ (1923ـ1924) / _cموضى بنت منصور بن عبد العزيز |
| 260 |
_a[S.N] : _bدار الساقى ، _c1992 |
||
| 300 | _a198 ص | ||
| 490 | _a | ||
| 650 | 0 | 4 | _aالعصر الحديث |
| 650 | 0 | 4 | _aتاريخ |
| 650 | 0 | 4 | _aشبه الجزيرة العربية |
| 650 | 0 | 4 | _aالسعودية |
| 650 | 0 | 4 | _aعبدالعزيز بن عبدالرحمن آل سع |
| 942 |
_2ddc _cBK |
||
| 999 |
_c30360 _d30360 |
||